| 000 | 00412nam a2200157 4500 | ||
|---|---|---|---|
| 001 | 116402 | ||
| 003 | ES-MaACL | ||
| 005 | 20230906190711.0 | ||
| 007 | t| | ||
| 008 | 061121s1971 sp r ||||1| spa d | ||
| 100 | 1 |
_aParra, Gregorio. _989228 |
|
| 245 | 1 | 3 |
_aLa casa del viento / _cGregorio Parra. |
| 260 |
_aMadrid : _bAlfaguara, _c1971. |
||
| 300 |
_a84 p. ; _c21 cm. |
||
| 852 |
_aES-MaACL _jC-45667 _bR.80531 |
||
| 999 |
_c116402 _d116402 |
||